| 000 | 00966nam a22002297a 4500 | ||
|---|---|---|---|
| 008 | 120410s2011 xxu|||||r|||| 00| 0 eng d | ||
| 020 | _a146360405X | ||
| 020 | _a9781463604059 | ||
| 082 |
_a006.7 _bGAU |
||
| 100 |
_929629 _aGauchat, J. D. |
||
| 245 |
_aHTML5 for Masterminds : _bHow to Take Advantage of HTML5 to Create Amazing Websites and Revolutionary Applications / _cJ. D. Gauchat ; edited by Laura Edlund |
||
| 260 |
_a[Toronto] : _bMink Books, _c2011 |
||
| 300 |
_a418 p. : _bill. _c24 cm. |
||
| 541 | _aDr. Hani Ghali ; | ||
| 650 |
_929620 _aHTML (Document markup language) |
||
| 650 |
_911303 _aWeb site development. |
||
| 650 |
_910353 _aInternet programming |
||
| 653 |
_bCS _cApril2012 |
||
| 700 |
_929630 _aEdlund, Laura |
||
| 942 |
_2ddc _cBB |
||
| 999 |
_c16642 _d16642 |
||